<?xml version="1.0" encoding="UTF-8"?>
<marc:record xmlns:marc="http://www.loc.gov/MARC21/slim">
   <marc:leader>00000nam a2200000 a 4500</marc:leader>
   <marc:datafield ind1="1" ind2=" " tag="100">
      <marc:subfield code="a">Bröger, Achim</marc:subfield>
      <marc:subfield code="4">aut</marc:subfield>
      <marc:subfield code="e">Verfasser/-in</marc:subfield>
   </marc:datafield>
   <marc:datafield ind1=" " ind2=" " tag="653">
      <marc:subfield code="a">Kinderbuch</marc:subfield>
   </marc:datafield>
   <marc:datafield ind1=" " ind2=" " tag="653">
      <marc:subfield code="a">Konfliktregelung</marc:subfield>
   </marc:datafield>
   <marc:datafield ind1=" " ind2=" " tag="653">
      <marc:subfield code="a">Kindergarten</marc:subfield>
   </marc:datafield>
   <marc:datafield ind1="0" ind2="0" tag="245">
      <marc:subfield code="a">Lena lässt sich nichts gefallen</marc:subfield>
   </marc:datafield>
   <marc:datafield ind1="0" ind2="0" tag="245">
      <marc:subfield code="b">Geschichten von Störenfrieden und starken Freunden</marc:subfield>
   </marc:datafield>
   <marc:datafield ind1="0" ind2="0" tag="245">
      <marc:subfield code="c">Achim Bröger. Ill. von Hans-Günther Döring</marc:subfield>
   </marc:datafield>
   <marc:datafield ind1=" " ind2="1" tag="264">
      <marc:subfield code="a">Würzburg</marc:subfield>
      <marc:subfield code="b">Ed. Bücherbär</marc:subfield>
      <marc:subfield code="c">2005</marc:subfield>
   </marc:datafield>
   <marc:datafield ind1=" " ind2=" " tag="250">
      <marc:subfield code="a">1. Aufl</marc:subfield>
   </marc:datafield>
   <marc:datafield ind1="1" ind2=" " tag="520">
      <marc:subfield code="a">Auch im Kindergarten ist die Welt nicht immer in Ordnung, sondern es wird gestritten und gekämpft. Anders als der Titel suggeriert ist weniger Lena die Heldin der 6 Geschichten, in denen es um Auseinandersetzungen geht, sondern Timo, ein notorischer Störenfried. Ob die Kleinen im Garten etwas bauen oder in Ruhe ein Buch anschauen möchten: Er mischt die Gruppe auf, zerstört und provoziert. Die relativ umfangreichen Geschichten sind für das Kindergartenalter sehr differenziert erzählt, bieten keine Patentlösungen aber doch Strategien im Umgang mit Konflikten. Die pädagogischen Handreichungen von Sabine Seyffert weisen gezielt darauf hin, wo Lösungsansätze sein können. Lena und ihre Freunde machen die Erfahrung, dass sie als Gruppe stärker sind und gründen die Käferbande. Sie entdecken aber auch Schwachstellen bei Timo - seine Angst vor Hunden z.B., eine Episode, die nicht ganz unproblematisch ist. Das von Hans-Günther Döring fröhlich illustrierte Vorlesebuch schildert überzeugend Situationen aus dem Kindergartenalltag und ist in diesem Umfeld gut einsetzbar. Gern empfohlen.. - Lena geht gern in den Kindergarten. Aber immer wieder ärgert Timo sie und die anderen, zerstört ihre Bauwerke und lässt sie nicht in Ruhe. Sechs Geschichten erzählen davon, wie Lena und ihre Freunde herausfinden, dass sie gemeinsam stark sind und sich von Timo nichts gefallen lassen müssen. Ab 4.</marc:subfield>
   </marc:datafield>
   <marc:datafield ind1=" " ind2=" " tag="020">
      <marc:subfield code="a">9783401087412</marc:subfield>
      <marc:subfield code="9">9783401087412</marc:subfield>
   </marc:datafield>
   <marc:datafield ind1=" " ind2=" " tag="041">
      <marc:subfield code="a">ger</marc:subfield>
   </marc:datafield>
   <marc:datafield ind1=" " ind2=" " tag="300">
      <marc:subfield code="a">32 S.</marc:subfield>
   </marc:datafield>
</marc:record>
